Countries that Became Independent in 1991 - Statistics

General Stats
  • This quiz has been taken 81 times
  • The average score is 13 of 16
Answer Stats
Month Country % Correct
December Kazakhstan
93%
April Georgia
91%
October Turkmenistan
91%
August Ukraine
91%
September Armenia
90%
October Azerbaijan
90%
August Belarus
90%
August Estonia
90%
August Kyrgyzstan
88%
September Tajikistan
87%
August Moldova
84%
December Russia
79%
August Uzbekistan
79%
June Slovenia
60%
October Croatia
59%
September North Macedonia
46%
No matching quizzes found
Score Distribution
Percent of People with Each Score
Percentile by Number Answered
Your Score History
You have not taken this quiz